Statistics for A-Z: France

Click here to take the quiz!

General Stats

  • This quiz has been taken 46 times
    (39 since last reset)
  • The average score is 15 of 26

Answer Stats

HintAnswer% Correct
Currency used in FranceEEuro
100%
Former currency used in FranceFFranc
94%
French word for "one"UUn
89%
World Cup winning French footballerZZinedine Zidane
89%
Second most populous city in FranceMMarseille
86%
City in France which has the same name as a colour in both French and EnglishOOrange
86%
The Hunchback of Notre DameQQuasimodo
83%
Part of France known as Breizh in its own languageBBrittany
77%
Popular place of pilgrimageLLourdes
69%
French fashion designer and label (Acronym)YYSL
69%
Another region of France synonymous with a type of BrandyCCognac
66%
Title given to the heir apparent to the French throne when it was a monarchyDDauphin
66%
Cathedral city where Joan of Arc was burnt at the stakeRRouen
63%
"Rayon X" in French means - --- in EnglishXX-Ray
60%
Region where Paris laysIÎle-de-France
57%
20th century existentialist philosopher and authorSJean-Paul Sartre
57%
Region in southern France made famous by Peter Mayle in a book "A Year in --------"PProvence
54%
City known as the most Roman city outside Italy, which has a famous Roman aqueduct, the Poet Du GardNNîmes
49%
First name of footballer MbappéKKylian
46%
Region of France, also a type of BrandyAArmagnac
40%
Another political faction during the French RevolutionJJacobin
34%
Famous gardens iand royal palace n ParisTTuileries
23%
Political faction during the French RevolutionGGirondin
17%
French International football player who won league titles with Arsenal, Lyon and MarseilleWSilvain Wiltord
17%
Mountain range in southeastern FranceVVosges
17%
Well known French publishing companyHHachette
11%

Score Distribution

Percentile by Number Answered

Percent of People with Each Score

Your Score History

You have not taken this quiz since the last reset